Jean Ferrat - Ma France - Statistiques

Statistiques générales
  • Ce quiz a été pris 163 fois
  • Le résultat moyen est 200 sur 271
Statistiques - réponses
% Correct
De
100%
de
100%
à
99%
a
99%
A
99%
France
99%
Ma
99%
ma
99%
Des
94%
des
94%
la
94%
le
94%
ce
93%
en
93%
En
93%
qui
93%
Du
92%
du
92%
que
92%
Que
92%
Au
90%
au
90%
Je
90%
je
90%
se
90%
sa
89%
va
88%
ne
87%
collines
86%
Et
86%
et
86%
les
84%
pas
82%
aux
81%
Aux
81%
forêt
81%
ta
81%
dans
80%
qu'on
80%
tes
80%
Celle
79%
celle
79%
j'ai
79%
j'imagine
79%
vallons
79%
chanson
78%
finirai
78%
dont
77%
Elle
77%
plaines
77%
ses
77%
d'Ardèche
76%
saisons
76%
vécu
76%
d'écrire
74%
dit
74%
fusille
74%
naître
74%
n'en
74%
printemps
74%
Robespierre
72%
Thiers
72%
Cet
71%
mines
71%
mortes
71%
Provence
70%
Monsieur
69%
son
69%
toujours
69%
bruyères
67%
soleil
67%
Bretagne
66%
lèvre
66%
nom
66%
vos
66%
ans
64%
chante
64%
Hugo
64%
tient
64%
d'été
63%
est
63%
grand
63%
mains
63%
sèche
63%
usines
63%
cette
62%
liberté
62%
vous
62%
air
61%
bonheur
61%
cinq
61%
goût
61%
répond
61%
travaillant
61%
enfants
60%
frontières
60%
rend
60%
transparence
60%
vieil
60%
bout
59%
jamais
59%
palette
59%
Picasso
59%
prestige
59%
temps
59%
aujourd'hui
58%
étrangers
58%
exil
58%
peuples
58%
travailleurs
58%
vertige
58%
monde
57%
usurpez
57%
chandelles
56%
colombes
56%
donnaient
56%
Ils
56%
l'on
56%
nuits
56%
artistes
54%
au-delà
54%
courbe
54%
d'Eluard
54%
l'air
54%
trente-six
54%
belle
53%
blanches
53%
construisit
53%
finissent
53%
matin
53%
or
53%
prophètes
53%
s'envolent
53%
soixante-huit
53%
genêts
52%
malheur
52%
communes
51%
dimanche
51%
d'un
51%
plus
51%
qu'il
51%
dire
50%
paie
50%
chose
49%
Quelque
49%
rebelle
49%
lendemain
48%
quotidien
48%
succombe
48%
colle
47%
crimes
47%
l'affiche
47%
erreurs
46%
fosses
46%
lèvres
46%
vend
46%
descende
44%
journal
44%
mur
44%
l'histoire
43%
monte
43%
faire
42%
obstinée
42%
moi
41%
Pour
41%
fines
40%
l'avenir
40%
lutte
40%
possède
40%
Qu'elle
40%
qu'une
39%
remplissant
39%
Leurs
38%
serré
36%
voix
34%
multiplient
33%
tonnant
24%
Aucun quiz correspondant
Distribution des résultats
% des personnes avec chaque résultat
Percentile par nombre de réponses
Votre historique - résultats
Vous n’avez pas pris ce quiz